Birds of Great Britain & Europe

Bibliographic Details
Main Author: Royston, Angela
Format: Book
Published: Great Britain : Dragon's World , 1993
Series:Junior nature guides
Subjects:

MARC

LEADER 00000cam a2200000 7i4500
001 0000016843
002 000018371
005 20000330.0
020 |a 1850282404 
090 0 0 |a J 500   |b ROY 
100 1 |a Royston, Angela 
245 1 0 |a Birds of Great Britain & Europe   |c Angela Royston 
260 |a Great Britain :   |b Dragon's World ,   |c 1993 
300 |a 81p. :   |b ill. ;   |c 25cm. 
490 0 |a Junior nature guides 
650 0 0 |a Birds   |z Great Britain   |x Juvenile literature 
999 |a 00062152   |b BUKU   |c PINJAMAN   |e PERPUSTAKAAN KOMUNITI PETALING JAYA 
999 |a 00062153   |b BUKU   |c PINJAMAN   |e PERPUSTAKAAN KOMUNITI PETALING JAYA